NAQT Geography- African Bodies of Water - Statistics

General Stats
  • This quiz has been taken 61 times
  • The average score is 7 of 10
Answer Stats
Hint Answer % Correct
Burundi to Egypt, Blue, Lake Tana, White, Khartoum, Lake Victoria, Aswan Dam, Lake Nasser Nile River
100%
Lualaba, Katanga, Chambeshi River, Malebo Pool, Kinshasa, Brazzaville, Heart of Darkness Congo River
89%
Africa's largest and world's second largest lake by area. Lies along the equator and is shared among Uganda, Kenya, and Tanzania. Its only outlet is the Nile. It was named by John Hanning Speke. Lake Victoria
87%
Guinea, Mali, Nigeria, Gulf of Guinea, Mali Empire, Songhai Empire, Benue River Niger River
82%
Namibia, Botswana, Zimbabwe, Victoria Falls. Zambezi River
82%
Great Rift Valley Lake, Tanzania, Mozambique, Ruhuhu river, cichlids. Lake Malawi
64%
Lualaba River, Tanzania, DRC, Burundi, Zambia, David Livingstone Lake Tanganyika
60%
Very shallow, Cameroon, Niger, Nigeria Lake Chad
58%
Crocodile River, Witwatersrand, Transvaal, Rudyard Kipling, The Elephant's Child Limpopo River
40%
Man-made, Akosombo Dam, Hall-Heroult process Lake Volta
38%
No matching quizzes found
Score Distribution
Percent of People with Each Score
Percentile by Number Answered
Your Score History
You have not taken this quiz